Islands With the Highest Elevation - Statistics

General Stats
  • This quiz has been taken 63 times
  • The average score is 17 of 30
Answer Stats
Tallest Peak Height (m) Height (ft) Island % Correct
Mount Fuji 3,776 12,388 Honshū
89%
Semeru 3,676 12,060 Java
89%
Mount Ruapehu 2,797 9,177 North Island
89%
Aoraki/Mount Cook 3,724 12,218 South Island
89%
Mount Kerinci 3,805 12,484 Sumatra
89%
Mauna Kea 4,207 13,802 Hawai’i
87%
Mount Etna 3,357 11,401 Sicily
87%
Mount Kinabalu 4,095 13,435 Borneo
83%
Carstensz Pyramid/Puncak Jaya 4,884 16,024 New Guinea
83%
Maromokotro 2,876 9,436 Madagascar
81%
Gunnbjørn Fjeld 3,694 12,119 Greenland
80%
Mount Latimojong 3,478 11,411 Sulawesi
80%
Yu Shan 3,952 12,966 Taiwan
80%
Pico Duarte 3,098 10,164 Hispaniola
70%
Mount Agung 3,031 9,944 Bali
67%
Mount Pulag 2,928 9,606 Luzon
65%
Mount Apo 2,954 9,692 Mindanao
56%
Teide 3,715 12,188 Tenerife
48%
Haleakala 3,055 10,023 Maui
44%
Tatamailau 2,986 9,797 Timor
39%
Piton des Neiges 3,070 10,070 Réunion
31%
Mount Rinjani 3,726 12,224 Lombok
30%
Mount Erebus 3,794 12,448 Ross Island
24%
Mount Stephenson 2,987 9,800 Alexander Island
17%
Mount Paget 2,935 9,629 South Georgia
17%
Pico Basilé 3,011 9,879 Bioko
11%
Mount Binaiya 3,027 9,931 Seram
11%
Mount Siple 3,110 10,200 Siple Island
9%
Mount Fogo 2,829 9,281 Fogo
6%
Mount Shishaldin 2,869 9,413 Unimak Island
4%
No matching quizzes found
Score Distribution
Percent of People with Each Score
Percentile by Number Answered
Your Score History
You have not taken this quiz